01106nam a2200229Ia 4500100002100000650000900021250000600030942000700036366000700043654000900050245003200059260002300091082001500114300000900129546001200138999001700150952013900167952015300306952013900459952013900598952013900737 aSchildt/Herbert  aJava a9 cBK f20 aJava aJava:The complete reference bMc Graw Hillc2014 a5.133bSCH a1274 aENGLISH c23680d23680 001040708CRCaCRCEbCRCEd2023-03-17eShroff Publishersg708.00i1212/1718l0o5.133 SCHp24809r2023-03-17v885.00w0000-00-00yBK 001040708CRCaCRCEb428d2023-03-17eShroff Publishersg708.00i1212/1718l1m1o5.133 SCHp24810r2024-09-06s2024-08-14v885.00w0000-00-00yBK 001040708CRCaCRCEbCRCEd2023-03-17eShroff Publishersg708.00i1212/1718l0o5.133 SCHp24811r2023-03-17v885.00w0000-00-00yBK 001040708CRCaCRCEbCRCEd2023-03-17eShroff Publishersg708.00i1212/1718l0o5.133 SCHp24812r2023-03-17v885.00w0000-00-00yBK 001040708CRCaCRCEbCRCEd2023-03-17eShroff Publishersg708.00i1212/1718l0o5.133 SCHp24813r2023-03-17v885.00w0000-00-00yBK